Slasher Movies - Sudden Death - Statistics

General Stats
  • This quiz has been taken 209 times
  • The average score is 6 of 15
Answers on the Grid
Answers color-coded by a green-red scale on the quiz's grid according to % correct below.
Rear Window
Scream
The Others
A Nightmare on Elm Street
REC
The Texas Chain Saw Massacre
V/H/S
Halloween
Cujo
Black Christmas
Christine
Psycho
Creep
I Know What You Did Last Summer
Sinners
Barbarian
The Shining
Child's Play
The Witch
My Bloody Valentine
The Thing
Lake Dead
Goodnight Mommy
American Psycho
Dial M for Murder
Disturbia
Primal Fear
House of Wax
The Silence of the Lambs
Friday the 13th
 
Answer Stats
Answer % Correct
Friday the 13th
71%
I Know What You Did Last Summer
64%
Scream
64%
The Texas Chain Saw Massacre
64%
Halloween
62%
A Nightmare on Elm Street
55%
Psycho
52%
American Psycho
46%
Child's Play
44%
Black Christmas
35%
My Bloody Valentine
34%
House of Wax
24%
Barbarian
8%
Disturbia
5%
Lake Dead
3%
No matching quizzes found
Score Distribution
Percent of People with Each Score
Percentile by Number Answered
Your Score History
You have not taken this quiz